All 50k+ cities in Massachusetts on a map - Statistics

General Stats
  • This quiz has been taken 627 times
  • The average score is 16 of 25
Answers on the Map
Answers color-coded by a green-red scale on the quiz's map according to % correct below.
 
Answer Stats
Hint Answer % Correct
654,776 Boston
100%
205,918 Worcester
95%
154,789 Springfield
93%
117,090 Cambridge
90%
113,994 Lowell
85%
100,941 New Bedford
82%
101,119 Quincy
81%
105,446 Brockton
76%
100,843 Lynn
75%
93,884 Fall River
74%
87,453 Newton
62%
88,508 Lawrence
60%
71,265 Framingham
57%
79,815 Somerville
55%
62,726 Brookline
51%
67,361 Haverhill
51%
59,075 Revere
51%
64,015 Waltham
51%
59,600 Taunton
49%
65,074 Malden
48%
55,190 Chicopee
45%
62,098 Medford
44%
52,798 Methuen
44%
57,670 Weymouth
41%
54,119 Peabody
39%
No matching quizzes found
Score Distribution
Percent of People with Each Score
Percentile by Number Answered
Your Score History
You have not taken this quiz